Labour statistics under the annual survey of industries: detailed summary report, volume 1, part 2 (Record no. 496131)

000 -LEADER
fixed length control field 00462cam a22000977a 4500
008 - FIXED-LENGTH DATA ELEMENTS--GENERAL INFORMATION
fixed length control field 180718b1963 xxu||||| |||| 00| 0 eng d
082 ## - DEWEY DECIMAL CLASSIFICATION NUMBER
Classification number R065x54 In2as /1963
245 ## - TITLE STATEMENT
Title Labour statistics under the annual survey of industries: detailed summary report, volume 1, part 2
Statement of responsibility, etc. by Ministry of Labour, Employment and Rehabilitation
260 ## - PUBLICATION, DISTRIBUTION, ETC.
Place of publication, distribution, etc. Simla
Name of publisher, distributor, etc. Ministry of Labour And Employment And Rehabilitation
Date of publication, distribution, etc. 1963
700 ## - ADDED ENTRY--PERSONAL NAME
Personal name Ministry of Labour, Employment and Rehabilitation
Holdings
Withdrawn status Lost status Damaged status Not for loan Permanent Location Current Location Date acquired Full call number Barcode Date last seen Price effective from Koha item type
        Indian Institute of Public Administration Indian Institute of Public Administration 2018-08-04 R065x54 In2as /1963 G11222 2018-08-04 2018-08-04 G

Powered by Koha